ბათუმის შოთა რუსთაველის სახელმწიფო უნივერსიტეტის ბიბლიოთეკა

ბიბო (ბიბ.ჩანაწერი № 42076)

000 -LEADER
fixed length control field 00875nam a2200241Ia 4500
001 - CONTROL NUMBER
control field 8766
003 - CONTROL NUMBER IDENTIFIER
control field GE_BSU
008 - FIXED-LENGTH DATA ELEMENTS--GENERAL INFORMATION
fixed length control field 181216s||||||||xx |||||||||||||| ||und||
040 ## - CATALOGING SOURCE
Transcribing agency GE_BSU
080 ## - UNIVERSAL DECIMAL CLASSIFICATION NUMBER
Universal Decimal Classification number 82-93
100 ## - MAIN ENTRY--PERSONAL NAME
Personal name ინანიშვილი, რევაზ
245 ## - TITLE STATEMENT
Title ბიბო
245 ## - TITLE STATEMENT
Remainder of title მოთხრობები
245 ## - TITLE STATEMENT
Statement of responsibility, etc. რედ. ლოლა ქადაგიშვილი, მხატვ. ოთარ მეგრელაძე
250 ## - EDITION STATEMENT
Edition statement უმცროსი სასკოლო ასაკის ბავშვთათვის (ცეროდენსა ბიბლიოთეკა)
260 ## - PUBLICATION, DISTRIBUTION, ETC.
Place of publication, distribution, etc. თბილისი
260 ## - PUBLICATION, DISTRIBUTION, ETC.
Name of publisher, distributor, etc. ნაკადული
260 ## - PUBLICATION, DISTRIBUTION, ETC.
Date of publication, distribution, etc. 1987
300 ## - PHYSICAL DESCRIPTION
Extent 12გვ. ილ. 20სმ.
653 ## - INDEX TERM--UNCONTROLLED
Uncontrolled term ბიბო
653 ## - INDEX TERM--UNCONTROLLED
Uncontrolled term მოთხრობები
942 ## - ADDED ENTRY ELEMENTS (KOHA)
Koha item type წიგნი
ეგზემპლარები
Withdrawn status Lost status Damaged status Not for loan Date acquired Barcode Date last seen Price effective from Koha item type
        2018-12-17 31130 2018-12-17 2018-12-17 წიგნი
        2018-12-17 31131 2018-12-17 2018-12-17 წიგნი
        2018-12-17 31132 2018-12-17 2018-12-17 წიგნი
        2018-12-17 31133 2018-12-17 2018-12-17 წიგნი